مكتبة جامعة عجلون الوطنية

فهرس بحث المكتبة

Normal view MARC view
  • اعداد أل خوار، خلود بنت دخيل ؛ تقديم : الموسى، نهاد؛ أسماعيل عمايرة

Entry Personal Name

Number of records used in: 1

001 - CONTROL NUMBER

  • control field: 43221

003 - CONTROL NUMBER IDENTIFIER

  • control field: JO-AjAnu

005 - DATE AND TIME OF LATEST TRANSACTION

  • control field: 20230606081150.0

008 - FIXED-LENGTH DATA ELEMENTS

  • fixed length control field: 230606|| aca||aabn | a|a d

040 ## - CATALOGING SOURCE

  • Original cataloging agency: JO-AjAnu
  • Transcribing agency: JO-AjAnu

100 ## - HEADING--PERSONAL NAME

  • Personal name: اعداد أل خوار، خلود بنت دخيل ؛ تقديم : الموسى، نهاد؛ أسماعيل عمايرة

670 ## - SOURCE DATA FOUND

  • Source citation: Work cat.: (JO-AjAnu)22134: اعداد أل خوار، خلود بنت دخيل ؛ تقديم : الموسى، نهاد؛ أسماعيل عمايرة, author, مغني الألباب عن كتب الصرف والإعراب 2/1